Plagas y enfermedades de Pinus sp. de la región andion patagónica de Argentina : manual de campo / (Registro nro. 68)

Detalles MARC
000 -LEADER
fixed length control field 01007nam a22002897a 4500
005 - DATE AND TIME OF LATEST TRANSACTION
control field 20250219134936.0
006 - FIXED-LENGTH DATA ELEMENTS--ADDITIONAL MATERIAL CHARACTERISTICS
fixed length control field a|||||r|||| 00| 0
007 - PHYSICAL DESCRIPTION FIXED FIELD--GENERAL INFORMATION
fixed length control field ta
008 - FIXED-LENGTH DATA ELEMENTS--GENERAL INFORMATION
fixed length control field 241003b2010 ag ||||| |||| 00| 0 spa d
020 ## - INTERNATIONAL STANDARD BOOK NUMBER
International Standard Book Number 9789870589358
040 ## - Fuente de catalogación
Agencia de catalogación original AR-EsCIE
082 ## - DEWEY DECIMAL CLASSIFICATION NUMBER
Classification number 632.9
100 ## - MAIN ENTRY--PERSONAL NAME
Personal name Gómez, Cecilia Andrea
9 (RLIN) 144
245 10 - TITLE STATEMENT
Title Plagas y enfermedades de Pinus sp. de la región andion patagónica de Argentina : manual de campo /
Statement of responsibility, etc. Cecilia Gómez, Alina Greslebin, Mario Rajchenberg.
260 ## - PUBLICATION, DISTRIBUTION, ETC.
Place of publication, distribution, etc. Esquel :
Name of publisher, distributor, etc. Universidad Nacional de la Patagonia,
Date of publication, distribution, etc. 2010.
300 ## - PHYSICAL DESCRIPTION
Extent 89 p.
650 #4 - SUBJECT ADDED ENTRY--TOPICAL TERM
Topical term or geographic name entry element PLAGAS
9 (RLIN) 146
650 #4 - SUBJECT ADDED ENTRY--TOPICAL TERM
Topical term or geographic name entry element PINUS
9 (RLIN) 145
650 #4 - SUBJECT ADDED ENTRY--TOPICAL TERM
Topical term or geographic name entry element HONGOS
9 (RLIN) 81
650 #4 - SUBJECT ADDED ENTRY--TOPICAL TERM
Topical term or geographic name entry element INSECTAS
9 (RLIN) 147
650 #4 - SUBJECT ADDED ENTRY--TOPICAL TERM
Topical term or geographic name entry element REGION ANDINO PATAGONICA (ARGENTINA)
9 (RLIN) 66
700 1# - ADDED ENTRY--PERSONAL NAME
Personal name Greslebin, Alina Gabriela
9 (RLIN) 132
700 1# - ADDED ENTRY--PERSONAL NAME
Personal name Rajchenberg, Mario,
Dates associated with a name 1954-
9 (RLIN) 107
856 ## - ELECTRONIC LOCATION AND ACCESS
Uniform Resource Identifier <a href="http://www.ciefap.org.ar/digitalizado/Gomez_cecilia_Plagas_y_Enfermedades_en_Plantaciones_de_Patagonia.pdf">http://www.ciefap.org.ar/digitalizado/Gomez_cecilia_Plagas_y_Enfermedades_en_Plantaciones_de_Patagonia.pdf</a>
910 ## - Datos del catalogador
User-option data PG241003
942 ## - ADDED ENTRY ELEMENTS (KOHA)
Source of classification or shelving scheme Dewey Decimal Classification
Koha item type Books
Call number suffix 632
Suppress in OPAC No
Existencias
Withdrawn status Lost status Source of classification or shelving scheme Damaged status Not for loan Home library Current library Date acquired Total checkouts Full call number Date last seen Price effective from Koha item type
    Dewey Decimal Classification     CIEFAP CIEFAP 10/03/2024   632.9 10/03/2024 10/03/2024 Books